Forest condition in Europe : results of the 1997 crown condition survey : 1998 technical report

Αποθηκεύτηκε σε:
Λεπτομέρειες βιβλιογραφικής εγγραφής
Συλλογικό Έργο: Convention on Long-Range Transboundary Air Pollution, International Co-operative Programme on Assessment and Monitoring of Air Pollution Effects on Forests, European Union Scheme on the Protection of Forests Against Atmospheric Pollution
Μορφή: Βιβλίο
Γλώσσα:English
Δημοσίευση: Brussels : United Nations Economic Commission for Europe, European Commission, 1998
Θέματα:
Ετικέτες: Προσθήκη ετικέτας
Δεν υπάρχουν, Καταχωρήστε ετικέτα πρώτοι!

MARC

LEADER 00000cam a2200000 i 4500
001 1/19945
008 010706s1998 eng d
020 |a 1020-3729 
035 |l 10067034 
040 |a GR-MY-UA  |b gre  |e aacr 
041 0 |a eng 
082 0 |a 634.9094 
110 2 |a Convention on Long-Range Transboundary Air Pollution. 
245 1 0 |a Forest condition in Europe :  |b results of the 1997 crown condition survey : 1998 technical report /  |c Convention Long-Range Transboundary Air Pollution ; International co-operative Programme on Assessment and Monitoring of Air Pollution Effects on Forests ; European Union Scheme on the Protection of Forests Against Atmospheric Pollution 
260 |a Brussels :   |b United Nations Economic Commission for Europe,   |b European Commission,   |c 1998 
300 |a Various paging  |b fig.; tables 
500 |a Prepared by: Federal Research Centre for Forestry and Forest Products 
504 |a Includes bibliographical references 
650 0 0 |a Forest surveys  |z Europe. 
650 0 0 |a Forests and forestry  |z Europe  |x Mensuration. 
650 0 0 |a Trees  |x Effect of air pollution on  |z Europe. 
650 0 0 |a Forest conservation  |z Europe. 
710 2 |a International Co-operative Programme on Assessment and Monitoring of Air Pollution Effects on Forests. 
710 2 |a European Union Scheme on the Protection of Forests Against Atmospheric Pollution. 
852 |a INST  |b LESVOS  |e 20010706  |h 634.9094 CON  |p 005100028858  |q 005100028858  |t BK  |y 0 
901 |a BIBL1-2001-2 
909 |a Λ  |b 088074